[Event "Open Portugal 2019"]
[Site "Lisboa POR"]
[Date "2019.02.05"]
[Round "5.116"]
[White "Alonso Rodríguez, Tristán"]
[Black "Avelino, Camila"]
[Result "1/2-1/2"]
[WhiteElo "1370"]
[BlackElo "1689"]
[WhiteFideId "24594520"]
[BlackFideId "1938975"]
[WhiteCountry "ESP"]
[BlackCountry "POR"]
[PlyCount "150"]
[EventDate "2019.02.02"]

1. e4 e5 2. Nf3 Nc6 3. Bc4 Nf6 4. d3 h6 5. c3 g6 6. O-O Bg7 7. Re1 O-O 8. Nbd2
d6 9. Nf1 a6 10. Ng3 Na5 11. Bb3 Nxb3 12. axb3 Re8 13. h3 b6 14. c4 Bb7 15. Be3
a5 16. Ne2 Nd7 17. Nc3 Nc5 18. Na4 Bc6 19. Nxc5 dxc5 20. Qc2 Qe7 21. Re2 Red8
22. Nh2 Rd7 23. f3 Rad8 24. Rd2 h5 25. Bf2 Bh6 26. Rdd1 Rd6 27. Nf1 Qd7 28. Be3
Bg7 29. Rd2 Rxd3 30. Rad1 Rxd2 31. Qxd2 Qxd2 32. Rxd2 Rxd2 33. Nxd2 Kf8 34. Kf2
Ke7 35. Ke2 Ke6 36. g4 hxg4 37. hxg4 f5 38. gxf5+ gxf5 39. Kd3 Bf6 40. Bf2 Bg5
41. Be3 Bh4 42. Ke2 Kf6 43. Bf2 Bg5 44. Be3 fxe4 45. fxe4 Bxe3 46. Kxe3 Be8 47.
Nb1 Ke6 48. Nc3 Kd6 49. Kd3 c6 50. Na4 b5 51. Nc3 Bd7 52. Nb1 Bh3 53. Na3 b4 54.
Nb1 Bg4 55. Kc2 Be2 56. Kd2 Bf3 57. Ke3 Bd1 58. Nd2 Ke6 59. Kf2 Kf6 60. Kg2 Kg5
61. Kg3 Be2 62. Kf2 Bd3 63. Kg3 Bc2 64. Nf3+ Kf6 65. Nd2 Bd1 66. Kf2 Bc2 67. Kg2
Kg5 68. Kf3 Kh4 69. Ke3 Bd1 70. Kf2 Kg4 71. Ke3 Kg3 72. Nf1+ Kg2 73. Nd2 Kh3 74.
Kf2 Kg4 75. Ke3 Bc2 1/2-1/2

[Event "Open Portugal 2019"]
[Site "Lisboa POR"]
[Date "2019.02.05"]
[Round "5.117"]
[White "Marques, Afonso"]
[Black "Machado, Carlos Augusto"]
[Result "1-0"]
[WhiteElo "1662"]
[BlackElo "1412"]
[WhiteFideId "1947184"]
[BlackFideId "1961039"]
[WhiteCountry "POR"]
[BlackCountry "POR"]
[PlyCount "37"]
[EventDate "2019.02.02"]

1. Nf3 Nf6 2. d4 d5 3. c4 g6 4. e3 Bg7 5. Bd3 O-O 6. O-O Bg4 7. h3 Bxf3 8. Qxf3
c6 9. Nc3 e6 10. Rd1 Nbd7 11. b3 Nb6 12. Rb1 Qd7 13. Ba3 Rfe8 14. Rd2 Nc8 15.
Bc2 Ne7 16. Qf4 Rac8 17. Na4 b6 18. Nc3 Bf8 19. Qxf6 1-0

[Event "Open Portugal 2019"]
[Site "Lisboa POR"]
[Date "2019.02.05"]
[Round "5.118"]
[White "Haynes, Noah"]
[Black "Dong, Rafael"]
[Result "1-0"]
[WhiteElo "1658"]
[BlackElo "1363"]
[WhiteFideId "1543172"]
[BlackFideId "1958038"]
[WhiteCountry "NOR"]
[BlackCountry "POR"]
[PlyCount "55"]
[EventDate "2019.02.02"]

1. d4 Nf6 2. c4 e6 3. Nf3 b6 4. g3 Bb7 5. Bg2 Be7 6. O-O O-O 7. Re1 c5 8. d5
exd5 9. Nh4 d6 10. Nf5 Qc7 11. cxd5 Re8 12. Nxe7+ Qxe7 13. Nc3 Nbd7 14. e4 a6
15. a4 h6 16. b3 Rab8 17. Bb2 Bc8 18. f4 b5 19. axb5 axb5 20. Ra7 b4 21. Na4 Rb7
22. Rxb7 Bxb7 23. e5 dxe5 24. d6 Qd8 25. Bxb7 exf4 26. Bc6 Rxe1+ 27. Qxe1 Nh5
28. Qe7 1-0

[Event "Open Portugal 2019"]
[Site "Lisboa POR"]
[Date "2019.02.05"]
[Round "5.119"]
[White "Gama, João Tiago"]
[Black "Alves, Fernando"]
[Result "0-1"]
[WhiteElo "1273"]
[BlackElo "1651"]
[WhiteFideId "1961160"]
[BlackFideId "1905678"]
[WhiteCountry "POR"]
[BlackCountry "POR"]
[PlyCount "142"]
[EventDate "2019.02.02"]

1. e4 e5 2. Nf3 Nc6 3. d4 d6 4. d5 Nb8 5. Nc3 f5 6. Bd3 Qf6 7. Bg5 Qg6 8. Qd2 h6
9. exf5 Bxf5 10. Nh4 Qh5 11. Bxf5 Qxg5 12. Qxg5 hxg5 13. Ng6 Rh6 14. g4 Nf6 15.
O-O-O a6 16. a4 Nbd7 17. f3 O-O-O 18. Ne2 Kb8 19. a5 Ng8 20. b4 Ne7 21. Nxe7
Bxe7 22. Ng3 g6 23. Be4 Rdh8 24. Rd2 Nf6 25. c4 Rh3 26. Rg2 Nxe4 27. fxe4 Rf8
28. Rf1 Rxf1+ 29. Nxf1 Rf3 30. Ng3 Kc8 31. Kc2 Kd7 32. Rg1 c6 33. Rf1 Rf4 34.
Kd3 Kc7 35. Ke3 Kd7 36. Rf3 Ke8 37. Ne2 Rxg4 38. Rg3 Rh4 39. h3 cxd5 40. cxd5
Bd8 41. Kf3 Rh7 42. Ng1 Rc7 43. Kg4 Rc4 44. b5 Rxe4+ 45. Kf3 Ra4 46. Ke2 Rxa5
47. b6 Rb5 48. Nf3 Rxb6 49. Nxg5 Rb2+ 50. Kf1 Rb1+ 51. Kf2 Bxg5 52. Rxg5 Kf7 53.
Rg3 Rb5 54. Rc3 Rc5 55. Rb3 b5 56. Ra3 Rxd5 57. Rxa6 b4 58. Rb6 Rd4 59. Ke3 Kf6
60. Rc6 Ke6 61. Rb6 Rh4 62. Kf2 Rxh3 63. Rxb4 Rh5 64. Kg3 Rf5 65. Rg4 Kf6 66.
Kh4 Rf4 67. Rxf4+ exf4 68. Kg4 g5 69. Kf3 Kf5 70. Kf2 d5 71. Ke2 Ke4 0-1

[Event "Open Portugal 2019"]
[Site "Lisboa POR"]
[Date "2019.02.05"]
[Round "5.122"]
[White "Amaral, Fernando"]
[Black "Archambault, Serge"]
[Result "1-0"]
[WhiteElo "1528"]
[BlackElo "1959"]
[WhiteFideId "1931288"]
[BlackFideId "2604108"]
[WhiteCountry "POR"]
[BlackCountry "CAN"]
[PlyCount "93"]
[EventDate "2019.02.02"]

1. d4 c5 2. d5 d6 3. e4 e5 4. c4 f5 5. exf5 Bxf5 6. Qf3 Qf6 7. Bd3 Bxd3 8. Qxd3
g6 9. Nc3 Bh6 10. Ne4 Qe7 11. Nf3 Bxc1 12. Rxc1 Na6 13. a3 Nh6 14. Nfg5 Nc7 15.
b4 b6 16. bxc5 bxc5 17. Rb1 O-O 18. O-O Nf5 19. Rb7 Qd8 20. Qh3 h6 21. Nf3 Kg7
22. Qg4 Rf7 23. Rfb1 Ne8 24. h4 Nf6 25. Nxf6 Qxf6 26. Nd2 Raf8 27. Ne4 Qd8 28.
h5 g5 29. Qd1 Rxb7 30. Rxb7+ Rf7 31. Qb1 Rc7 32. Nxd6 Qxd6 33. Rxc7+ Qxc7 34.
Qxf5 Qd6 35. Qc8 Qe7 36. Qc6 Qf6 37. Qxc5 e4 38. Qxa7+ Kf8 39. Qa8+ Ke7 40. Qb7+
Kf8 41. Qc8+ Kg7 42. Qd7+ Kf8 43. g4 Qa1+ 44. Kg2 Qxa3 45. Qf5+ Ke7 46. Qe6+ Kd8
47. Qxe4 1-0

[Event "Open Portugal 2019"]
[Site "Lisboa POR"]
[Date "2019.02.05"]
[Round "5.123"]
[White "Paragliola, Gennaro"]
[Black "Florissi, Aldo"]
[Result "0-1"]
[WhiteElo "1350"]
[BlackElo "1468"]
[WhiteFideId "804207"]
[BlackFideId "28513428"]
[WhiteCountry "ITA"]
[BlackCountry "ITA"]
[PlyCount "66"]
[EventDate "2019.02.02"]

1. d4 e6 2. c4 d5 3. Nc3 Nf6 4. Bg5 Bb4 5. e3 O-O 6. Nf3 Bd7 7. Qc2 Re8 8. Bd3
Be7 9. Bxf6 Bxf6 10. Bxh7+ Kh8 11. Bd3 c5 12. dxc5 Bxc3+ 13. Qxc3 Nc6 14. O-O e5
15. Be2 d4 16. Qd2 d3 17. Bd1 e4 18. Nd4 Re5 19. Nxc6 bxc6 20. b4 Rg5 21. f4 Rg6
22. a3 Qf6 23. Bh5 Rh6 24. g4 Qh4 25. Qf2 Qxf2+ 26. Kxf2 g6 27. Bxg6 fxg6 28.
Kg3 Rf8 29. Rf2 Kg7 30. a4 Rfh8 31. b5 Rh3+ 32. Kg2 Rxh2+ 33. Kf1 Rh1+ 0-1

[Event "Open Portugal 2019"]
[Site "Lisboa POR"]
[Date "2019.02.05"]
[Round "5.124"]
[White "Anfinsen, Marius"]
[Black "Gonçalves, Carlos"]
[Result "0-1"]
[WhiteElo "1113"]
[BlackElo "1644"]
[WhiteFideId "1546414"]
[BlackFideId "1912879"]
[WhiteCountry "NOR"]
[BlackCountry "POR"]
[PlyCount "106"]
[EventDate "2019.02.02"]

1. e4 d5 2. exd5 Qxd5 3. Nc3 Qd6 4. g3 Nf6 5. Bg2 c6 6. d4 Bf5 7. Nf3 Qe6+ 8.
Ne5 Ng4 9. O-O Nxe5 10. Re1 Bg4 11. Qd2 Nc4 12. d5 Nxd2 13. dxe6 Nf3+ 14. Bxf3
Bxf3 15. exf7+ Kxf7 16. Bg5 h6 17. Re5 g6 18. Bd2 Bg7 19. Re3 Bg4 20. f3 Bf5 21.
Ne4 Bd4 22. g4 Bxe4 23. fxe4 Nd7 24. Rf1+ Ke6 25. e5 Raf8 26. Rfe1 Rf3 27. Kg2
Rxe3 28. Bxe3 Bxe3 29. Rxe3 Rf8 30. h4 Nxe5 31. Kg3 Kd6 32. b3 Rf7 33. c4 Nd7
34. Rd3+ Kc7 35. b4 Ne5 36. Rc3 Kd6 37. c5+ Kd5 38. Ra3 a6 39. Ra5 Nc4 40. Ra4
e5 41. b5 a5 42. bxc6 bxc6 43. h5 g5 44. a3 Kxc5 45. Kh3 Kb5 46. Rb4+ axb4 47.
axb4 Kxb4 48. Kg3 e4 49. Kh3 Rf3+ 50. Kh2 Kc5 51. Kg2 Ra3 52. Kf2 Kd4 53. Kf1
Ra2 0-1

[Event "Open Portugal 2019"]
[Site "Lisboa POR"]
[Date "2019.02.07"]
[Round "6.1"]
[White "David, Alberto"]
[Black "Motylev, Alexander"]
[Result "0-1"]
[WhiteElo "2560"]
[BlackElo "2644"]
[WhiteFideId "4000013"]
[BlackFideId "4121830"]
[WhiteTitle "GM"]
[BlackTitle "GM"]
[WhiteCountry "ITA"]
[BlackCountry "RUS"]
[PlyCount "186"]
[EventDate "2019.??.??"]

1. e4 e5 2. Nf3 Nc6 3. Bb5 Nf6 4. d3 d6 5. O-O g6 6. c3 Bg7 7. Re1 O-O 8. Bg5 h6
9. Bh4 Bd7 10. Nbd2 Qe8 11. Nf1 Kh8 12. Ne3 Rc8 13. Nd2 Ng8 14. Bg3 f5 15. exf5
gxf5 16. f4 Nge7 17. Nec4 a6 18. Bxc6 Nxc6 19. fxe5 f4 20. Bf2 b5 21. Na3 dxe5
22. Nf3 Bg4 23. h3 Bh5 24. Qe2 Rd8 25. Nc2 Bf6 26. Kh1 Rg8 27. Rg1 Qd7 28. Rad1
Qf5 29. Rd2 Rd7 30. a3 Rgd8 31. Rgd1 Qh7 32. Nb4 Nxb4 33. axb4 Qf5 34. Kh2 Rg7
35. Rg1 Kh7 36. Re1 Qg6 37. Rg1 Re7 38. Re1 Rg8 39. Rg1 Kh8 40. Qe1 Re6 41. Nh4
Qh7 42. Nf3 Re7 43. Bh4 Qg7 44. Bf2 Rd8 45. Bh4 Rg8 46. Bf2 Qg6 47. Nh4 Qh7 48.
Qe4 Rd7 49. Re1 Qg7 50. Nf5 Qg6 51. Nh4 Qg7 52. Nf5 Qh7 53. Bh4 Rf7 54. Bxf6+
Rxf6 55. g4 Bxg4 56. hxg4 Rxg4 57. Qxe5 Qxf5 58. Rf2 f3 59. Kh3 Rg7+ 60. Qxf5
Rxf5 61. Kh4 Rf4+ 62. Kh3 Rf5 63. Kh4 Rg2 64. Ref1 Kg7 65. Rxf3 Rxf3 66. Rxf3
Rxb2 67. Rf5 Rh2+ 68. Kg4 Rg2+ 69. Kh5 Rh2+ 70. Kg4 Rg2+ 71. Kh5 Rg6 72. Re5 Rc6
73. c4 bxc4 74. dxc4 Rxc4 75. Re6 Rxb4 76. Re7+ Kf6 77. Rxc7 a5 78. Rc6+ Ke7 79.
Rxh6 Kd7 80. Kg5 Kc7 81. Kf5 a4 82. Ke5 Kb7 83. Kd5 a3 84. Rh7+ Kb6 85. Rh6+ Kb5
86. Rh8 a2 87. Ra8 Rb2 88. Kd4 Kb4 89. Rb8+ Ka3 90. Ra8+ Kb3 91. Kd3 Rh2 92.
Rb8+ Ka3 93. Ra8+ Kb2 0-1

[Event "Open Portugal 2019"]
[Site "Lisboa POR"]
[Date "2019.02.07"]
[Round "6.2"]
[White "Iturrizaga, Eduardo"]
[Black "Kaasen, Tor Fredrik"]
[Result "1-0"]
[WhiteElo "2640"]
[BlackElo "2387"]
[WhiteFideId "3901211"]
[BlackFideId "1516647"]
[WhiteTitle "GM"]
[BlackTitle "IM"]
[WhiteCountry "VEN"]
[BlackCountry "NOR"]
[PlyCount "67"]
[EventDate "2019.??.??"]

1. d4 Nf6 2. Nf3 g6 3. c4 Bg7 4. Nc3 d5 5. h4 c6 6. cxd5 cxd5 7. Bg5 Nc6 8. e3
h6 9. Bf4 O-O 10. Be2 Bf5 11. Ne5 Ne4 12. Nxe4 Bxe4 13. Nxc6 bxc6 14. O-O Qb6
15. g4 g5 16. hxg5 hxg5 17. Bxg5 e5 18. dxe5 Bxe5 19. Bd3 Qxb2 20. Bxe4 dxe4 21.
Qd7 Qe2 22. Rac1 Qf3 23. Qf5 Qxf5 24. gxf5 f6 25. Bh4 Kf7 26. Kg2 Rg8+ 27. Kh3
Rh8 28. Rfd1 Rxh4+ 29. Kxh4 Rh8+ 30. Kg4 Rh2 31. f4 exf3 32. Kxf3 Rxa2 33. Rd7+
Ke8 34. Rh7 1-0

[Event "Open Portugal 2019"]
[Site "Lisboa POR"]
[Date "2019.02.07"]
[Round "6.4"]
[White "Korley, Kassa"]
[Black "Petrov, Nikita"]
[Result "1/2-1/2"]
[WhiteElo "2426"]
[BlackElo "2585"]
[WhiteFideId "2033801"]
[BlackFideId "4101286"]
[WhiteTitle "IM"]
[BlackTitle "GM"]
[WhiteCountry "DEN"]
[BlackCountry "RUS"]
[PlyCount "46"]
[EventDate "2019.??.??"]

1. d4 Nf6 2. Nf3 d5 3. c4 e6 4. Nc3 a6 5. cxd5 exd5 6. Bg5 Be6 7. e3 Nbd7 8. Bd3
Bd6 9. O-O O-O 10. Qc2 h6 11. Bf4 Qe7 12. Bxd6 Qxd6 13. Rfc1 Rfe8 14. Na4 c6 15.
Nc5 Nxc5 16. Qxc5 Qd8 17. Ne5 Nd7 18. Nxd7 Bxd7 19. Qd6 Re6 20. Qg3 Rf6 21. b4
Bf5 22. Bxf5 Rxf5 23. a4 Rg5 1/2-1/2

[Event "Open Portugal 2019"]
[Site "Lisboa POR"]
[Date "2019.02.07"]
[Round "6.5"]
[White "Xu, Xiangyu"]
[Black "Stefansson, Hannes"]
[Result "1/2-1/2"]
[WhiteElo "2565"]
[BlackElo "2514"]
[WhiteFideId "8608288"]
[BlackFideId "2300087"]
[WhiteTitle "GM"]
[BlackTitle "GM"]
[WhiteCountry "CHN"]
[BlackCountry "ISL"]
[PlyCount "100"]

1. d4 Nf6 2. c4 e6 3. g3 d5 4. Bg2 Be7 5. Nf3 O-O 6. Nc3 dxc4 7. Ne5 c5 8. dxc5
Qxd1+ 9. Nxd1 Bxc5 10. Nc3 Nc6 11. Nxc4 Rd8 12. O-O Nd5 13. Rd1 Nxc3 14. Rxd8+
Nxd8 15. bxc3 f6 16. Be3 Bxe3 17. Rd1 Bxf2+ 18. Kxf2 Nf7 19. Nd6 Ne5 20. Rb1 Rb8
21. Nxc8 Rxc8 22. Rxb7 a5 23. Rb5 Rxc3 24. Bh3 a4 25. Ra5 Rc6 26. Rxa4 h5 27.
Bg2 Rc3 28. h3 f5 29. Ra8+ Kf7 30. a4 Ng6 31. a5 f4 32. g4 hxg4 33. hxg4 Ne5 34.
Bf3 Nxf3 35. exf3 Rc2+ 36. Kf1 Ra2 37. a6 Kg6 38. Ke1 Kg5 39. a7 e5 40. Kd1 g6
41. Kc1 e4 42. fxe4 f3 43. e5 Kxg4 44. e6 f2 45. Rf8 Rxa7 46. Rxf2 Re7 47. Re2
Kf5 48. Kd2 Rxe6 49. Rxe6 Kxe6 50. Ke2 Ke5 1/2-1/2

[Event "Open Portugal 2019"]
[Site "Lisboa POR"]
[Date "2019.02.07"]
[Round "6.6"]
[White "Bernardskiy, Vitaliy"]
[Black "Low, Zhen Yu Cyrus"]
[Result "1-0"]
[WhiteElo "2570"]
[BlackElo "2377"]
[WhiteFideId "14100371"]
[BlackFideId "5804175"]
[WhiteTitle "GM"]
[BlackTitle "IM"]
[WhiteCountry "UKR"]
[BlackCountry "SGP"]
[PlyCount "87"]
[EventDate "2019.??.??"]

1. e4 c5 2. Nf3 Nc6 3. Bb5 g6 4. Bxc6 bxc6 5. O-O Bg7 6. Re1 Rb8 7. c3 Nf6 8.
Qa4 Rb7 9. d3 O-O 10. Nbd2 Qc7 11. e5 Nd5 12. Qh4 f6 13. exf6 Bxf6 14. Ng5 Bxg5
15. Qxg5 Qf4 16. Qxf4 Nxf4 17. Rxe7 Nxd3 18. Nc4 d5 19. Rxb7 Bxb7 20. Na5 Ba6
21. Be3 Rf6 22. Nb3 c4 23. Nc5 Nxc5 24. Bxc5 Rf7 25. b4 cxb3 26. axb3 Bd3 27.
Bxa7 Rb7 28. b4 Re7 29. Bc5 Rd7 30. Ra8+ Kf7 31. f3 Ke6 32. Re8+ Kf7 33. Rc8 Bb5
34. Kf2 Ke6 35. Ke3 Rf7 36. Rd8 Rd7 37. Re8+ Kf7 38. Rh8 Ke6 39. g4 Ba4 40. f4
Bd1 41. h3 h5 42. f5+ Kf6 43. Bd4+ Kg5 44. h4+ 1-0

[Event "Open Portugal 2019"]
[Site "Lisboa POR"]
[Date "2019.02.07"]
[Round "6.7"]
[White "Di Nicolantonio, Lucas"]
[Black "Annaberdiev, Meilis"]
[Result "0-1"]
[WhiteElo "2364"]
[BlackElo "2522"]
[WhiteFideId "680460"]
[BlackFideId "14000563"]
[WhiteTitle "FM"]
[BlackTitle "IM"]
[WhiteCountry "FRA"]
[BlackCountry "TKM"]
[PlyCount "120"]

1. g3 e5 2. Bg2 Nf6 3. d3 d5 4. Nf3 Nc6 5. O-O Be7 6. a3 a5 7. Nc3 d4 8. Nb5 O-O
9. c3 a4 10. cxd4 exd4 11. b4 axb3 12. Qxb3 Na5 13. Qc2 c5 14. Bg5 Be6 15. Bxf6
Bxf6 16. Rab1 b6 17. Nd2 Rb8 18. Be4 Be7 19. Nc4 Nxc4 20. dxc4 f5 21. Bf3 Qd7
22. Rfd1 f4 23. Be4 Rf6 24. Qd3 Rh6 25. Nc3 Bg5 26. Nd5 Bxd5 27. Bxd5+ Kh8 28.
Qf3 fxg3 29. hxg3 Re8 30. Rb2 Rf6 31. Qh5 Re5 32. Bf3 g6 33. Qg4 Qe8 34. Kg2 h5
35. Qh3 Kg7 36. Rd3 Ref5 37. Rdb3 Qd8 38. a4 Rf7 39. Qh1 Qe8 40. Ra2 Qe6 41. Rc2
Bd8 42. Rc1 Qe8 43. Ra1 R7f6 44. Qh3 Qf7 45. a5 Qxc4 46. a6 Qxb3 47. a7 Rxf3 48.
a8=Q Rxf2+ 49. Kh1 Be7 50. Qe4 Qf7 51. Qd7 Bf8 52. Qc8 h4 53. Qcg4 hxg3 54. Qxg3
R6f5 55. Kg1 d3 56. exd3 R2f3 57. Qg2 Bd6 58. Qa8 Rg3 59. Qxg3 Bxg3 60. Ra7 Bc7
0-1

[Event "Open Portugal 2019"]
[Site "Lisboa POR"]
[Date "2019.02.07"]
[Round "6.8"]
[White "Iniyan, P."]
[Black "Miedema, David"]
[Result "1-0"]
[WhiteElo "2480"]
[BlackElo "2356"]
[WhiteFideId "25002767"]
[BlackFideId "1018477"]
[WhiteTitle "IM"]
[BlackTitle "IM"]
[WhiteCountry "IND"]
[BlackCountry "NED"]
[PlyCount "109"]
[EventDate "2019.??.??"]

1. d4 Nf6 2. c4 e6 3. Nc3 Bb4 4. e3 O-O 5. Bd3 d5 6. Nf3 c5 7. O-O Nc6 8. a3
Bxc3 9. bxc3 dxc4 10. Bxc4 Qc7 11. Qe2 e5 12. Nxe5 Nxe5 13. dxe5 Qxe5 14. f3 Be6
15. Rb1 b6 16. Bd3 Rfd8 17. Bb2 c4 18. Bc2 Nd5 19. Rfe1 Nxc3 20. Qf2 Qa5 21.
Rbc1 Na2 22. Rcd1 c3 23. Qh4 Re8 24. Qxh7+ Kf8 25. Ba1 Qxa3 26. Qh8+ Ke7 27.
Qxg7 Qc5 28. Bb1 Rg8 29. Qd4 Rac8 30. Bxa2 Bxa2 31. Rd3 Qxd4 32. exd4+ Kd6 33.
Bxc3 a5 34. h4 Bd5 35. Kf2 Ra8 36. h5 b5 37. Bd2 b4 38. Bf4+ Kd7 39. Re5 Kc6 40.
Rd1 Rgd8 41. Rc1+ Kb6 42. Re7 b3 43. Bc7+ Kb5 44. h6 a4 45. h7 Rdc8 46. Rc5+ Kb4
47. Ba5+ Ka3 48. Rxd5 Rab8 49. Re3 Ka2 50. Bc3 a3 51. Ra5 Ra8 52. Re2+ Kb1 53.
Rxa8 Rxa8 54. d5 f6 55. Bxf6 1-0

[Event "Open Portugal 2019"]
[Site "Lisboa POR"]
[Date "2019.02.07"]
[Round "6.9"]
[White "Plichta, Kamil"]
[Black "Terrieux, Kevin"]
[Result "1/2-1/2"]
[WhiteElo "2347"]
[BlackElo "2459"]
[WhiteFideId "1141830"]
[BlackFideId "622591"]
[WhiteTitle "FM"]
[BlackTitle "IM"]
[WhiteCountry "POL"]
[BlackCountry "FRA"]
[PlyCount "91"]

1. d4 d5 2. Bg5 h6 3. Bh4 c5 4. dxc5 g5 5. Bg3 Bg7 6. c3 Na6 7. h4 Nxc5 8. hxg5
hxg5 9. Rxh8 Bxh8 10. Nd2 Qb6 11. Qc2 Nh6 12. Qh7 Qf6 13. e4 dxe4 14. Nxe4 Nxe4
15. Qxe4 Qe6 16. Qxe6 Bxe6 17. Nf3 Bf6 18. Be5 Bxe5 19. Nxe5 O-O-O 20. Bc4 Bxc4
21. Nxc4 Nf5 22. Ke2 Nd6 23. Nxd6+ Rxd6 24. Rh1 Kd7 25. Rh3 f6 26. Re3 Rd5 27.
a4 Ra5 28. Re4 b5 29. axb5 Rxb5 30. Rd4+ Kc6 31. Rc4+ Kd5 32. Rd4+ Kc6 33. Rd2
a5 34. Kd1 Rd5 35. b3 g4 36. Kc2 Rxd2+ 37. Kxd2 f5 38. Ke3 e5 39. g3 Kb5 40. f3
gxf3 41. Kxf3 a4 42. bxa4+ Kxa4 43. g4 fxg4+ 44. Kxg4 Kb3 45. Kf5 Kxc3 46. Kxe5
1/2-1/2

[Event "Open Portugal 2019"]
[Site "Lisboa POR"]
[Date "2019.02.07"]
[Round "6.10"]
[White "Butkiewicz, Lukasz"]
[Black "Palozza, Christian"]
[Result "1-0"]
[WhiteElo "2445"]
[BlackElo "2237"]
[WhiteFideId "1122428"]
[BlackFideId "895580"]
[WhiteTitle "IM"]
[BlackTitle "FM"]
[WhiteCountry "POL"]
[BlackCountry "ITA"]
[PlyCount "117"]
[EventDate "2019.??.??"]

1. d4 Nf6 2. c4 e6 3. Nc3 Bb4 4. Qc2 d6 5. Nf3 Nbd7 6. g3 b6 7. Bg2 Bb7 8. O-O
O-O 9. Bf4 Bxc3 10. Qxc3 Qe7 11. Rfd1 Nh5 12. Bg5 f6 13. Bc1 f5 14. b3 Rae8 15.
Ba3 Nhf6 16. Qc2 Be4 17. Qb2 Bxf3 18. exf3 f4 19. Rac1 g5 20. c5 Nb8 21. Re1 Nd5
22. Qe2 Rf6 23. Qe4 Rh6 24. Bf1 c6 25. cxd6 Qf7 26. g4 b5 27. Bd3 Rf6 28. Bb2
Rd8 29. a4 b4 30. Bc4 h6 31. Qe5 Nd7 32. Qe2 Nb8 33. Qd2 Qb7 34. Bxd5 cxd5 35.
Rc7 Qb6 36. Qc2 Nd7 37. Rc8 Kg7 38. Rc6 Qb8 39. a5 Nf8 40. Rc7+ Rf7 41. Qc5 Rfd7
42. Bc1 Kg8 43. Bd2 Rxd6 44. Bxb4 R6d7 45. Rc1 Rxc7 46. Qxc7 Qxc7 47. Rxc7 Rb8
48. Bd6 Ng6 49. b4 a6 50. Kf1 Ra8 51. Ke2 Nh8 52. Re7 Rc8 53. Bc5 Ng6 54. Rxe6
Kf7 55. Rxa6 Re8+ 56. Kd3 Nh4 57. b5 Nxf3 58. b6 Re1 59. b7 1-0

[Event "Open Portugal 2019"]
[Site "Lisboa POR"]
[Date "2019.02.07"]
[Round "6.11"]
[White "Pantzar, Milton"]
[Black "Yankelevich, Lev"]
[Result "0-1"]
[WhiteElo "2331"]
[BlackElo "2445"]
[WhiteFideId "1721003"]
[BlackFideId "24684074"]
[WhiteTitle "FM"]
[BlackTitle "IM"]
[WhiteCountry "SWE"]
[BlackCountry "GER"]
[PlyCount "72"]

1. c4 e5 2. Nc3 d6 3. g3 f5 4. Bg2 Nf6 5. d3 g6 6. Nf3 Bg7 7. O-O O-O 8. Rb1 a5
9. a3 Nc6 10. b4 axb4 11. axb4 Nd4 12. Nxd4 exd4 13. Nb5 Ne8 14. Bb2 c5 15. bxc5
dxc5 16. Ba3 Qe7 17. Ra1 Ra6 18. Qc2 f4 19. Ra2 h5 20. Bc1 fxg3 21. hxg3 h4 22.
Bf4 g5 23. Bb8 Be5 24. Bd5+ Kg7 25. Bxe5+ Qxe5 26. e3 Rxa2 27. Qxa2 hxg3 28.
exd4 cxd4 29. Qd2 Nf6 30. Bg2 Ng4 31. fxg3 Rxf1+ 32. Kxf1 Kh6 33. Kg1 Bf5 34.
Bxb7 Qxg3+ 35. Qg2 Qe3+ 36. Kh1 Qe1+ 0-1

[Event "Open Portugal 2019"]
[Site "Lisboa POR"]
[Date "2019.02.07"]
[Round "6.12"]
[White "Shailesh, Dravid"]
[Black "Alshameary Puente, Ismael"]
[Result "0-1"]
[WhiteElo "2324"]
[BlackElo "2418"]
[WhiteFideId "25017969"]
[BlackFideId "2225166"]
[WhiteTitle "FM"]
[BlackTitle "FM"]
[WhiteCountry "IND"]
[BlackCountry "ESP"]
[PlyCount "56"]
[EventDate "2019.??.??"]

1. e4 c5 2. Nf3 d6 3. d4 cxd4 4. Nxd4 Nf6 5. Nc3 a6 6. Bg5 e6 7. f4 h6 8. Bh4
Be7 9. Qf3 Nc6 10. Nxc6 bxc6 11. e5 Nd5 12. Bxe7 Qxe7 13. Ne4 dxe5 14. fxe5 Qb4+
15. c3 Qxb2 16. Nd6+ Ke7 17. Rd1 Qxc3+ 18. Qxc3 Nxc3 19. Rc1 Nxa2 20. Rxc6 Bd7
21. Rc7 f6 22. Bc4 fxe5 23. Bxa2 Kxd6 24. Rc2 Bb5 25. Kf2 Rac8 26. Rd2+ Ke7 27.
Rhd1 Rhf8+ 28. Kg1 Rfd8 0-1

[Event "Open Portugal 2019"]
[Site "Lisboa POR"]
[Date "2019.02.07"]
[Round "6.13"]
[White "Rajesh, V A V."]
[Black "Costa, Paulo"]
[Result "1-0"]
[WhiteElo "2406"]
[BlackElo "2200"]
[WhiteFideId "5029317"]
[BlackFideId "1900900"]
[WhiteTitle "IM"]
[BlackTitle "NM"]
[WhiteCountry "IND"]
[BlackCountry "POR"]
[PlyCount "67"]

1. d4 Nf6 2. c4 e6 3. Nc3 Bb4 4. e3 O-O 5. Bd3 d5 6. cxd5 exd5 7. Nge2 c5 8. O-O
Nc6 9. a3 c4 10. Bc2 Bd6 11. f3 Re8 12. e4 dxe4 13. fxe4 Ng4 14. h3 Qh4 15. Bf4
Bxf4 16. Rxf4 g5 17. Rxg4 Bxg4 18. hxg4 Re6 19. Qe1 Qxg4 20. d5 Ne5 21. Qg3 Qxg3
22. Nxg3 Rb6 23. Na4 Ra6 24. Rf1 Nd3 25. Bxd3 Rxa4 26. Bc2 Ra6 27. Ne2 b5 28.
Nd4 Rb6 29. Nc6 a5 30. e5 b4 31. a4 b3 32. Be4 Rb4 33. Nxb4 axb4 34. d6 1-0

[Event "Open Portugal 2019"]
[Site "Lisboa POR"]
[Date "2019.02.07"]
[Round "6.14"]
[White "Sousa, Ludy"]
[Black "Sukandar, Irine Kharisma"]
[Result "1-0"]
[WhiteElo "2169"]
[BlackElo "2397"]
[WhiteFideId "1504134"]
[BlackFideId "7101937"]
[WhiteTitle "CM"]
[BlackTitle "IM"]
[WhiteCountry "NOR"]
[BlackCountry "INA"]
[PlyCount "145"]
[EventDate "2019.??.??"]

1. e4 c5 2. Nf3 e6 3. d4 cxd4 4. Nxd4 Nc6 5. Nc3 d6 6. Be3 Nf6 7. Bc4 Be7 8. Qe2
O-O 9. O-O-O Ne5 10. Bb3 Neg4 11. Bg5 Qa5 12. f4 e5 13. Nf5 Bxf5 14. exf5 Qc5
15. h3 Qe3+ 16. Rd2 Qxe2 17. Rxe2 Nh6 18. g4 Bd8 19. Rd1 Bb6 20. Rxd6 exf4 21.
Bxf4 Bc7 22. Rd4 Rad8 23. Rc4 Bxf4+ 24. Rxf4 Kh8 25. Rb4 g5 26. Rxb7 Rd4 27.
Rxa7 Rf4 28. Rae7 Rd8 29. a4 Nhg8 30. R7e3 h5 31. gxh5 Nh6 32. Rd3 Rxd3 33. cxd3
Nxf5 34. Bxf7 Rf1+ 35. Nd1 Kg7 36. Bc4 Nd4 37. Rf2 Rh1 38. h6+ Kg6 39. h7 Rxh3
40. Nc3 Rxh7 41. Nd5 Ng4 42. Rg2 Ne5 43. Kd2 Rh1 44. Kc3 Nf5 45. b4 Nh4 46. Re2
Nhf3 47. Ba2 Rc1+ 48. Rc2 Rd1 49. Bc4 Ra1 50. a5 g4 51. Ra2 Rc1+ 52. Kb2 Rh1 53.
a6 g3 54. a7 Rh2+ 55. Kc1 Rxa2 56. Bxa2 Nxd3+ 57. Kc2 g2 58. Kxd3 g1=Q 59. a8=Q
Ne5+ 60. Kc2 Qg2+ 61. Kb3 Qh3+ 62. Ka4 Qd7+ 63. b5 Qg4+ 64. Ka5 Qd4 65. Qg8+ Kh6
66. Qh8+ Kg5 67. Qg7+ Kh4 68. Qh6+ Kg4 69. Nf6+ Kg3 70. Qg5+ Kf2 71. Qxe5 Qa7+
72. Kb4 Qxa2 73. Qh2+ 1-0

[Event "Open Portugal 2019"]
[Site "Lisboa POR"]
[Date "2019.02.07"]
[Round "6.15"]
[White "Sörensen, Hampus"]
[Black "Christiansen, Johan-Sebastian"]
[Result "1/2-1/2"]
[WhiteElo "2289"]
[BlackElo "2559"]
[WhiteFideId "8703884"]
[BlackFideId "1512668"]
[BlackTitle "GM"]
[WhiteCountry "SWE"]
[BlackCountry "NOR"]
[PlyCount "87"]

1. d4 Nf6 2. c4 e6 3. Nf3 d5 4. Bg5 Bb4+ 5. Nbd2 O-O 6. e3 Nbd7 7. Bd3 h6 8. Bh4
Be7 9. O-O c5 10. Rc1 cxd4 11. Nxd4 Ne5 12. Be2 dxc4 13. Nxc4 Nxc4 14. Bxc4 Ne4
15. Bxe7 Qxe7 16. Qc2 Nf6 17. Be2 e5 18. Nb5 Rd8 19. Bf3 e4 20. Be2 Be6 21. Nd4
Bd5 22. a3 Nd7 23. Qc7 Qf6 24. Qg3 Ne5 25. Rc3 g6 26. Rfc1 Kg7 27. h3 a6 28. Rd1
Rd6 29. Rc5 Rad8 30. Rc3 Kh7 31. Rdc1 Nc6 32. Nxc6 Bxc6 33. Qf4 Qe7 34. Bxa6 Rf6
35. Qg3 Rd2 36. b4 Rf5 37. R3c2 Qd7 38. Be2 Rg5 39. Qf4 Rdd5 40. b5 Qxh3 41.
Qxf7+ Kh8 42. Qf8+ Kh7 43. Qf7+ Kh8 44. Qf8+ 1/2-1/2